01621cam a22003857a 4500003000500000005001700005008004100022010001000063011001000073035001000083040000900093090001000102100004800112245019900160260004100359300001000400502006300410590003700473590004100510590004100551590004100592590004200633650003600675650002500711650003300736650002900769901000700798905002600805942000900831949006200840949004900902999001700951952014000968952012701108CHAP20220329142659.0010920d2001 mx r 00110 spa d a86438 a87410 a97953 cCHAP aTesis00aCoutiño Puchuli, Andrés Eduardo.92867710aEstudio de factibilidad para la producción de jitomate (Lycopersicon sculentum) en invernadero, bajo hidroponia en el municipio de Villaflores, Chiapasc/por Andrés Eduardo Coutiño Puchuli aChapingo, Méx. :bEl autor,c2002. a63 h. aTesis (Lic. en Administración de Empresas Agropecuarias) aALEPHb10c20130110lUCH01h1449 aBATCH-UPDb10c20130110lUCH01h0706 aBATCH-UPDb10c20130410lUCH01h0352 aBATCH-UPDb10c20130914lUCH01h1055 aCONVERSIONb10c20130109lUCH01h134814aCultivos en invernadero.93037614aHidroponía.95528014aTomatexRendimiento.911376114aTomatezChiapas.9113783 aBK aAlejandra Carrasco M. cFOLL aTesisbBCcTESd33724000879896eTS2fc.2h40096i97953si aTesisbBCcTESd979531eTS1h40095i97953sb c86438d86438 00102local4053708TESISaBCbBCcPA_TESISd2019-12-31fTESISl0oTesisp33724000879896r2019-12-31 00:00:00tc.2w2019-12-31yTESIS 00102local4051708TESISaBCbBCcPA_TESISd2019-12-31fTESISl0oTesisp979531r2019-12-31 00:00:00w2019-12-31yTESIS